000 01092nam a2200277 i 4500
001 000030122
003 DO-SdBNP
005 20230927102239.0
007 ta
008 110429s2010 dr ad r 001 0 spa d
040 _aDO-SdBNP
_bspa
_cBNPHU
_erda
082 4 _a378.7293
_bR426m
_222
110 1 _aRepública Dominicana.
_bMinisterio de Educación Superior, Ciencia y Tecnología
_956809
245 1 0 _aMemorias :
_blogros alcanzados 2010 /
_cresponsables, Ligia Amada Melo de Cardona, Rafael González.
264 _aSanto Domingo :
_bMESCYT,
_c2010.
300 _a119 páginas :
_bilustraciones, gráficos;
_c28 cm.
336 _2rdacontent
_atexto
_btxt
337 _2rdamedia
_asin mediación
_bn
338 _2rdacarrier
_avolumen
_bnc
590 _aInventariado, 2018/ YL
650 4 _aEducación superior
_zRepública Dominicana
_xMemorias e informes
_956810
650 4 _aInstituciones públicas
_zRepública Dominicana
_917927
651 4 _aRepública Dominicana
_xAdministración pública
_xMemorias e informes
_91286
910 _aValidado. Control de calidad EMS.
942 _2ddc
_cLBS1
999 _c29614
_d29614